000 00665nam a22002177a 4500
003 OSt
005 20250818032254.0
008 250818b |||||||| |||| 00| 0 eng d
020 _a978-971-0445-15-8.
040 _aDWC-Main Lib.
_cOC
082 _aFil.
100 _aBORJA, MITCHELL ANTONIO
245 _aFood production management/
_cBORJA, MITCHELL ANTONIO
260 _aManila :
_bMindshapers Co., Inc.,
_cc2007.
300 _aviii, 235 p. :
_bill. ;
_c25 cm.
504 _aIncludes bibliographical references.
650 _aFood industry.
650 _aFood service-Management.
700 _aSAMSON, JANIL JOSE F.
942 _2ddc
_cBK - FIL
_hFil.
_n0
999 _c3995
_d3995